000 00573nab a2200217 a 4500
001 56448
003 127458
005 20201118103221.0
008 ||||||n9999 ||| || ||
041 _aspa
100 _aVallejo, Anibal
245 0 _aMemoria del Ministro de Fomento 1962-1963 (v1)
260 _aBogotá :
_bMinisterio de Fomento,
_c1964.
300 _a182p.en v1
562 _e1
650 _aDESARROLLO ECONÓMICO
650 _aMEMORIAS
650 _aPOLÍTICAS DE DESARROLLO
773 _037619
_aMemorias del Ministro de Fomento
942 _cDO-GO
999 _c56448
_d56448